Toán rời rạc cho kỹ thuật số

Salvato in:
Dettagli Bibliografici
Autore principale: NGUYỄN XUÂN QUỲNH
Natura: Libro
Lingua:Undetermined
Pubblicazione: H. KHKT 2002
Soggetti:
Tags: Aggiungi Tag
Nessun Tag, puoi essere il primo ad aggiungerne! !
Thư viện lưu trữ: Trung tâm Học liệu Trường Đại học Cần Thơ
LEADER 00476nam a2200169Ia 4500
001 CTU_47601
008 210402s9999 xx 000 0 und d
082 |a 512.02 
082 |b Qu609 
100 |a NGUYỄN XUÂN QUỲNH 
245 0 |a Toán rời rạc cho kỹ thuật số 
245 0 |c NGUYỄN XUÂN QUỲNH 
260 |a H. 
260 |b KHKT 
260 |c 2002 
650 |a combinatorial analysis 
980 |a Trung tâm Học liệu Trường Đại học Cần Thơ